| Tag |
First Indicator |
Second Indicator |
Subfields |
| LEADER |
00000cam a22000003u 4500 |
| 001 |
in00005687421 |
| 005 |
20260212201005.5 |
| 006 |
m o d |
| 007 |
cr ||||||||||| |
| 008 |
250825s2025 xx o 000 u und d |
| 040 |
|
|
|a OCLKB
|b eng
|e pn
|c OCLKB
|d EBLCP
|d DEGRU
|
| 020 |
|
|
|a 9783839410264
|
| 020 |
|
|
|a 3839410266
|
| 020 |
|
|
|z 9783837677959
|
| 035 |
|
|
|a (OCoLC)1534312588
|
| 049 |
|
|
|a TXAM
|
| 100 |
1 |
|
|a Glorius, Birgit
|
| 245 |
1 |
0 |
|a Flucht, Ankommen und sozialer Wandel :
|b Perspektiven für Geflüchtete in der deutschen Aufnahmegesellschaft
|
| 264 |
|
1 |
|b Transcript Verlag
|c 2025
|
| 300 |
|
|
|a 1 online resource
|
| 336 |
|
|
|a text
|b txt
|2 rdacontent
|
| 337 |
|
|
|a computer
|b c
|2 rdamedia
|
| 338 |
|
|
|a online resource
|b cr
|2 rdacarrier
|
| 588 |
|
|
|a Machine-generated record
|
| 520 |
|
|
|a Auch zehn Jahre nach dem »Langen Sommer der Migration« gehören Flucht und die Aufnahme von Geflüchteten zu den politischen Dauerthemen in Deutschland.Basierend auf Interviews mit Geflüchteten und Mitgliedern der Aufnahmegesellschaft zeichnet Birgit Glorius den Prozess des Ankommens und den Start in ein neues Leben in Deutschland nach.
|
| 505 |
0 |
0 |
|t Frontmatter --
|t Editorial --
|t Inhalt --
|t Kapitel 1 -- Vorgeschichte --
|t 1.1 Der Begriff und die Figur des Flüchtlings --
|t 1.2 Zur konzeptionellen Idee und Struktur dieses Buchs --
|t 1.3 Zeitliche, regionale und biographische Einbettung --
|t 1.4 Datenbasis, Methodik und Lesehinweise --
|t 1.5 Nicht jeden Stein umdrehen -- zur thematischen Auswahl und Validitätder Forschungsdaten --
|t Teil I Fliehen und Ankommen --
|t Kapitel 2 -- Auf der Flucht --
|t Kapitel 3 -- Ankommen --
|t Kapitel 4 -- Neu Anfangen --
|t Kapitel 5 -- Autonomie und Beschränkung: Geflüchtete und der Arbeitsmarkt --
|t Kapitel 5 -- Autonomie und Beschränkung: Geflüchtete und der Arbeitsmarkt --
|t Kapitel 6 -- Perspektiven auf die Aufnahmegesellschaft --
|t Kapitel 7 -- Identitätsformationen der Aufnahmegesellschaft --
|t Kapitel 8 -- Begegnung und Kontakt zwischen Einheimischen und Fremden --
|t Kapitel 9 -- Integration vor Ort gestalten --
|t Teil III Land in Sicht --
|t Kapitel 10 -- Nach der Flucht --
|t Kapitel 11 -- Migration als soziale Transformation --
|t Abbildungsverzeichnis --
|t Tabellenverzeichnis --
|t Literaturverzeichnis
|
| 650 |
|
7 |
|a SOCIAL SCIENCE / Methodology.
|2 bisacsh
|
| 650 |
|
7 |
|a SOCIAL SCIENCE / Emigration & Immigration.
|2 bisacsh
|
| 650 |
|
7 |
|a POLITICAL SCIENCE / Public Policy / General.
|2 bisacsh
|
| 655 |
|
7 |
|a Electronic books.
|2 local
|
| 710 |
2 |
|
|a Walter de Gruyter & Co.
|
| 856 |
4 |
0 |
|u https://www.degruyterbrill.com/openurl?genre=book&isbn=9783839410264
|z Connect to the full text of this electronic book
|t 0
|
| 955 |
|
|
|a De Gruyter Open Access ebooks
|
| 994 |
|
|
|a 92
|b TXA
|
| 999 |
f |
f |
|i e384215a-46ad-4184-823b-5321e8460584
|s 786fb526-16f3-4766-8f99-d63b059729ca
|t 0
|
| 952 |
f |
f |
|a Texas A&M University
|b College Station
|c Electronic Resources
|s www_evans
|d Available Online
|t 0
|h Library of Congress classification
|
| 998 |
f |
f |
|t 0
|l Available Online
|